|
|
|
|
| LEADER |
00000nab a2200000 ar4500 |
| 001 |
vtls011892447 |
| 003 |
SK-MaSNL |
| 005 |
20260303100511.0 |
| 008 |
191009c2018 xo mr|p|||||||000 b|slo |
| 038 |
|
|
|a SNSK
|
| 040 |
|
|
|a SNSK
|b slo
|e rda
|c SK
|
| 041 |
|
|
|a slo
|
| 043 |
|
|
|a e-xo- - -
|
| 044 |
|
|
|a xo
|c SK
|
| 080 |
|
|
|a 614.86
|2 2011
|
| 080 |
|
|
|a 656.223.1
|2 2011
|
| 100 |
1 |
|
|a Furmanik, Martin,
|d 1989-
|4 aut
|9 200686
|
| 245 |
1 |
0 |
|a Najtragickejšie železničné nešťastie na Spiši
|c Martin Furmaník
|
| 300 |
|
|
|b Fotografie
|
| 648 |
|
7 |
|a 1953
|2 snsk
|9 284770
|
| 650 |
0 |
7 |
|a železničné nehody
|2 snsk
|9 163434
|
| 650 |
0 |
7 |
|a zranení
|2 snsk
|9 31179
|
| 651 |
|
7 |
|a Spišská Nová Ves (Slovensko)
|2 snsk
|9 28800
|
| 651 |
|
7 |
|a Levoča (Slovensko)
|2 snsk
|9 26696
|
| 773 |
0 |
|
|t My : noviny Spiša
|g Roč. 4, č. 10 (13.3-19.3.2018), s. 4
|x 1339-9535
|
| 852 |
|
|
|a SNSK
|b KIS3GCP
|
| 999 |
|
|
|c 1833413
|d 1835343
|